| 000 | 00561nam a2200181 i 4500 | ||
|---|---|---|---|
| 001 | 58846 | ||
| 003 | ES-MaACL | ||
| 005 | 20230906163913.0 | ||
| 007 | t| | ||
| 008 | 031024s1973 sp ||||1| spa d | ||
| 100 | 1 |
_aEckert, Charles. _946607 |
|
| 245 | 1 | 3 |
_aLa unidad de cuidados intensivos / _ceditada bajo la dirección de Charles Eckert ; versión A. Jarnet Cases. |
| 250 | _a[1ª ed.]. | ||
| 260 |
_aBarcelona : _bToray, _c[1973] |
||
| 300 |
_aXII, 411 p. : _bil. ; _c23 cm. |
||
| 700 | 1 |
_aJornet Cases, A. _966960 |
|
| 852 |
_aES-MaACL _jC-49385 _bR.84431 |
||
| 999 |
_c58846 _d58846 |
||